01889nam a2200301uu 4500001000800000005001700008007001000025008004100035035001200076040001300088041000800101080000600109100003000115245012400145260002300269300001300292520096400305650002301269650002401292650002101316650004301337650003601380650005101416700003901467856006101506502001201567526000801579153819320260508093656.0co|||||||191114s2019 spa  a1538193 ccomduadb aspa aP10aKajsiu, Blendi 4thseths10aAnálisis de los discursos anticorrupción de Iván Duque y Gustavo Petro durante la campaña presidencial del 2018 aMedellín,c2019. a1 CD-ROM3 a El artículo que se presenta a continuación da cuenta de un análisis cualitativo y cualitativo de los discursos anticorrupción de los candidatos de la segunda vuelta de la elección presidencial de 2018, Iván Duque y Gustavo Petro. El propósito del análisis es demostrar que los discursos anticorrupción de los candidatos reflejan la ideología de cada uno. Mientras en el discurso del primero se identifica un neoconservadurismo que apunta al mantenimiento del statu quo a través de la defensa de la legalidad, además de ubicar al mercado y la libre competencia como los valores requeridos para el desarrollo socioeconómico del país, en el discurso del segundo existe un populismo izquierdista que aboga por la transformación de la sociedad mediante el cambio de la clase política y el aumento de la justicia social. Dicho análisis se realiza a través del análisis conceptual de las ideologías propuesto Michael Freeden. aNeoconservadurismo 4aPopulismozColombia aAnticorrupción aDesarrollo socioeconómico - Colombia 7aJusticia socialzColombia2lemb aAnálisis del discurso - Aspectos políticos10aTamayo Grisales, Yenifer4auteaut4 uhttps://bibliotecadigital.udea.edu.co/handle/10495/14326 b132c14 a134